Tesoro Artístico Universidad Autonoma de Santo Domingo (Record no. 7948)

MARC details
000 -LEADER
campo de control de longitud fija 00408nam a2200145Ia 4500
001 - NÚMERO DE CONTROL
campo de control 1049
008 - DATOS DE LONGITUD FIJA--INFORMACIÓN GENERAL
campo de control de longitud fija 241024s9999 xx 000 0 und d
020 ## - NÚMERO INTERNACIONAL ESTÁNDAR DEL LIBRO
Número Internacional Estándar del Libro 1681-2007
082 ## - NÚMERO DE LA CLASIFICACIÓN DECIMAL DEWEY
Número de clasificación RD/759.97293/UN58t
100 ## - ENTRADA PRINCIPAL--NOMBRE DE PERSONA
Nombre de persona Universidad Autónoma de Santo Domingo
245 #0 - MENCIÓN DEL TÍTULO
Título Tesoro Artístico Universidad Autonoma de Santo Domingo
260 ## - PUBLICACIÓN, DISTRIBUCIÓN, ETC.
Nombre del editor, distribuidor, etc. Santo Domingo
Fecha de publicación, distribución, etc. 2009
901 ## - ELEMENTOS DE DATOS A LOCAL LDA (RLIN)
a 27/12/2010 2:16:36 p.m.

No items available.

© 2024. Todos los Derechos Reservados. Desarrollado por IDEICE